00598pab a2200193 454500008004000000100002200040245010900062260000900171300001600180362000800196650002000204650002900224650002500253650003200278650002200310650002700332650001100359773003400370180718b2006 xxu||||| |||| 00| 0 eng d aMooney, Margarita aThe Catholic Bishops conferences of the United states and France: engaging immigration as a public issue c2006 ap.1455-470. aJul aChurch - France aReligion - United States aImmigration - France aImmigration - United States aReligion - France aChurch - United States aChurch aAmerican Behavioral Scientist